Normal view MARC view

Entry Personal Name

Number of records used in: 1

001 - CONTROL NUMBER

  • control field: 8426

003 - CONTROL NUMBER IDENTIFIER

  • control field: OSt

005 - DATE AND TIME OF LATEST TRANSACTION

  • control field: 20211028145641.0

008 - FIXED-LENGTH DATA ELEMENTS

  • fixed length control field: 211028|| aca||aabn | a|a d

040 ## - CATALOGING SOURCE

  • Original cataloging agency: OSt
  • Transcribing agency: OSt

100 ## - HEADING--PERSONAL NAME

  • Personal name: Mokhi, Laxmidevi; Pilar, Bharathi.
  • Miscellaneous information: 111911

670 ## - SOURCE DATA FOUND

  • Source citation: Work cat.: (OSt): Mokhi, Laxmidevi; Pilar, Bharathi. 111911, Application for online audits and challenges., 2013